|
|
|
|
| LEADER |
00000nam0a2200000 4500 |
| 001 |
224250 |
| 005 |
20231101230558.0 |
| 010 |
|
|
|a 5020001791
|
| 020 |
|
|
|a RU
|b 90-22315
|
| 035 |
|
|
|a (RuTPU)RU\TPU\book\244542
|
| 090 |
|
|
|a 224250
|
| 100 |
|
|
|a 20121023d1990 k y0rusy5003 ca
|
| 101 |
0 |
|
|a rus
|
| 102 |
|
|
|a RU
|
| 105 |
|
|
|a y z 001zy
|
| 200 |
1 |
|
|a Метод операторных функций в теории дифференциальных уравнений (с приложениями к задачам экологии)
|f М. И. Гиль
|g Академия наук СССР (АН СССР), Дальневосточное отделение (ДВО) ; Хабаровский комплексный научно-исследовательский институт; под ред. В. А. Ефимова
|
| 210 |
|
|
|a Москва
|c Наука
|d 1990
|
| 215 |
|
|
|a 156 с.
|
| 320 |
|
|
|a Библиогр.: с. 148-151.
|
| 606 |
1 |
|
|a Дифференциальные уравнения
|2 stltpush
|3 (RuTPU)RU\TPU\subj\9693
|9 36875
|
| 610 |
1 |
|
|a теория
|
| 610 |
1 |
|
|a операторные функции
|
| 610 |
1 |
|
|a решения
|
| 610 |
1 |
|
|a скалярные уравнения
|
| 610 |
1 |
|
|a операторы
|
| 610 |
1 |
|
|a банаховы пространства
|
| 610 |
1 |
|
|a задача Коши
|
| 610 |
1 |
|
|a параболические уравнения
|
| 675 |
|
|
|a 517.9
|v 3
|
| 700 |
|
1 |
|a Гиль
|b М. И.
|g Михаил Иосифович
|4 070
|
| 702 |
|
1 |
|a Ефимов
|b В. А.
|4 340
|
| 712 |
0 |
2 |
|a Академия наук СССР (АН СССР)
|b Дальневосточное отделение (ДВО)
|c (Владивосток)
|2 stltpush
|3 (RuTPU)RU\TPU\col\15834
|
| 712 |
0 |
2 |
|a Хабаровский комплексный научно-исследовательский институт
|2 stltpush
|3 (RuTPU)RU\TPU\col\6083
|9 24213
|
| 801 |
|
0 |
|a RU
|b RuMRKP
|c 19950417
|g psbo
|
| 801 |
|
1 |
|a RU
|b 63413507
|c 20121023
|
| 801 |
|
2 |
|a RU
|b 63413507
|c 20131003
|g RCR
|
| 942 |
|
|
|c BK
|